[Event "La Candelaria Cup"]
[Site "Complejo de Raquetas"]
[Date "2013.01.31"]
[Round "2"]
[White "Verbel, Arturo"]
[Black "Tovio, Israel"]
[Result "0-1"]
[WhiteElo "1597"]
[BlackElo "2291"]
[PlyCount "108"]
[EventDate "2013.01.30"]
[EventType "swiss"]
[EventRounds "7"]
[EventCountry "COL"]
[SourceTitle "CBM 152 Extra"]
[Source "ChessBase"]
[SourceDate "2013.02.25"]
[SourceVersion "1"]
[SourceVersionDate "2013.02.25"]
[SourceQuality "1"]

1. e4 c5 2. Nf3 e6 3. d4 cxd4 4. Nxd4 a6 5. Bd3 Nf6 6. 0-0 Qc7 7. h3 b6 8. a3 Bb7 9. Nc3 d6 10. Bg5 Nbd7 11. Rc1 Be7 12. Re1 0-0 13. Qe2 Rfc8 14. Bh4 b5 15. Bg3 Ne5 16. Nf3 Nc4 17. Bxc4 Qxc4 18. Nd2 Qxe2 19. Rxe2 Nd7 20. f3 Ne5 21. Na2 Rc7 22. f4 Nc4 23. Nxc4 Rxc4 24. Rce1 Rac8 25. c3 a5 26. Bf2 d5 27. e5 Rxf4 28. Nc1 Rfc4 29. Nb3 Bd8 30. Nd4 b4 31. axb4 axb4 32. Nb5 Be7 33. b3 R4c5 34. Bxc5 Bxc5+ 35. Kh1 bxc3 36. Nd6 Bxd6 37. exd6 d4 38. Rd1 Ba6 39. Ra2 d3 40. Rxa6 c2 41. Raa1 cxd1Q+ 42. Rxd1 Kf8 43. Rxd3 Rc1+ 44. Kh2 Ke8 45. Kg3 Kd7 46. Kf4 Rc6 47. Rg3 g6 48. Kg5 Rc5+ 49. Kh6 Kxd6 50. Kxh7 Rf5 51. Kg7 e5 52. Rf3 Rxf3 53. gxf3 f5 54. Kxg6 e4 0-1